000 00497ntaaa2200193 4500
003 01
005 20251027202554.0
008 0714s1973 ag 01
040 _aAR-BaBN
_bspa
_cAR-BaBN
_eaacr
_dRIC
082 _a301.4284 P84d
100 _aPospishill, Victor J
_924825
245 _aDivorcio y nuevo matrimonio
250 _a1 ed.
260 _aBuenos Aires :
_bCarlos Lohlé,
_c1969
300 _a199 p
650 _adivorcio
_93992
650 _aetica cristiana-divorcio
_924826
942 _cBK
999 _c20826
_d20826